000 00804nam a22002057a 4500
999 _c4031
_d4031
003 AR-CdUCM
008 190307b ||||| |||| 00| 0 spa d
040 _aMUNICIPALIDAD PROVINCIAL DEL CUSCO
_cBIBLIOTECA MUNICIPAL DEL CUSCO
082 _a923.7
_bR66
100 _aRobles Ortiz, Elmer
_9993
245 _aLas ideas educacionales de Antenor Orrego /
260 _aTrujillo :
_bGrafica ARISEB,
_c1992.
300 _a207 paginas ;
_c21 cm.
505 _aAmericanismo y educación -- Educar es revelar -- Memorias rectorales : la universidad dinámica e integral -- Memoria de la gestión rectoral de 1947 -- El sentido del mensaje espiritual de América...
650 _aTrujillo
_9297
650 _aUniversidad
_91570
650 _aReforma universitaria
_91992
942 _2ddc
_cLIBROS
945 _awnts